| Tag |
First Indicator |
Second Indicator |
Subfields |
| LEADER |
00000cgm a2200000Ma 4500 |
| 001 |
in00005564355 |
| 006 |
m o c |
| 007 |
cr |n||||||||a |
| 007 |
vz |za|z| |
| 008 |
140513s2002 dcu031 e o vueng d |
| 005 |
20241201231515.2 |
| 035 |
|
|
|a (OCoLC)ocn885257175
|
| 040 |
|
|
|a ALSTP
|b eng
|e pn
|c ALSTP
|d OCLCO
|d OCLCF
|d OCLCQ
|d OCLCO
|d OCLCQ
|d MNI
|d OCLCA
|d WYU
|d UPM
|d OCLCO
|d CJT
|d OCLCL
|d NUI
|d OCLCO
|
| 019 |
|
|
|a 1373418138
|a 1430869099
|a 1444021740
|
| 035 |
|
|
|a (OCoLC)885257175
|z (OCoLC)1373418138
|z (OCoLC)1430869099
|z (OCoLC)1444021740
|
| 043 |
|
|
|a f-sx---
|a n-us---
|
| 049 |
|
|
|a TXAM
|
| 245 |
0 |
0 |
|a Living with Anthrax /
|c produced by Kathryn Pasternak, Ginger Mauney, Conrad Brain.
|
| 260 |
|
|
|a District of Columbia :
|b National Geographic,
|c 2002.
|
| 300 |
|
|
|a 1 online resource (31 min.).
|
| 306 |
|
|
|a 003133
|
| 336 |
|
|
|a two-dimensional moving image
|b tdi
|2 rdacontent
|
| 337 |
|
|
|a computer
|b c
|2 rdamedia
|
| 338 |
|
|
|a online resource
|b cr
|2 rdacarrier
|
| 347 |
|
|
|a data file
|2 rda
|
| 490 |
0 |
|
|a VAST: academic video online
|
| 500 |
|
|
|a Title from resource description page (viewed July 1, 2014).
|
| 520 |
|
|
|a "Living with Anthrax" contrasts the lives of two women dealing with the virus, one in America, the other in Namibia.
|
| 546 |
|
|
|a This edition in English.
|
| 650 |
|
0 |
|a Anthrax
|z Namibia.
|
| 650 |
|
0 |
|a Anthrax
|z United States.
|
| 650 |
|
6 |
|a Charbon (Maladie)
|z Namibie.
|
| 650 |
|
6 |
|a Charbon (Maladie)
|z États-Unis.
|
| 650 |
|
7 |
|a Anthrax
|2 fast
|
| 651 |
|
7 |
|a Namibia
|2 fast
|1 https://id.oclc.org/worldcat/entity/E39PBJcGkb6tFmx37rp4CBdvpP
|
| 651 |
|
7 |
|a United States
|2 fast
|1 https://id.oclc.org/worldcat/entity/E39PBJtxgQXMWqmjMjjwXRHgrq
|
| 655 |
|
4 |
|a Alexander Street Video.
|
| 655 |
|
7 |
|a documentary film.
|2 aat
|
| 655 |
|
7 |
|a Documentary films
|2 fast
|
| 655 |
|
7 |
|a Documentary films.
|2 lcgft
|
| 655 |
|
7 |
|a Documentaires.
|2 rvmgf
|
| 700 |
1 |
|
|a Brain, Conrad.
|4 pro
|
| 700 |
1 |
|
|a Mauney, Ginger.
|4 pro
|
| 700 |
1 |
|
|a Pasternak, Kathryn.
|4 pro
|
| 700 |
1 |
|
|a Watt, Stan,
|d 1945-
|4 nrt
|1 https://id.oclc.org/worldcat/entity/E39PCjJp9WCD3TbgTDYYJvDPBd
|
| 710 |
2 |
|
|a National Geographic Films.
|4 prn
|
| 758 |
|
|
|i has work:
|a Living with Anthrax (MovingImage)
|1 https://id.oclc.org/worldcat/entity/E39PCFCCQjkJtT7ykwHq7CTJpd
|4 https://id.oclc.org/worldcat/ontology/hasWork
|
| 856 |
4 |
0 |
|u http://proxy.library.tamu.edu/login?url=https://www.aspresolver.com/aspresolver.asp?AVN2;2112812
|z Connect to this streaming video (Alexander Street Press)
|t 0
|
| 955 |
|
|
|a Alexander Street Press subscription streaming video
|
| 994 |
|
|
|a 92
|b TXA
|
| 999 |
f |
f |
|s 0520bdd8-a77b-4b04-83e7-2db69a2bb076
|i a1f562bc-60bf-413e-a655-eb4e568d46ca
|t 0
|
| 952 |
f |
f |
|a Texas A&M University
|b College Station
|c Electronic Resources
|d Available Online
|t 0
|h Library of Congress classification
|
| 998 |
f |
f |
|t 0
|l Available Online
|